000 00911nam0a22002771 4500
001 rc\4296282
005 20250612041549.0
021 _aRU
_b[64-18416]
035 _a(NLR Aleph) 008498873
090 _a8096135
_c8096135
100 _a20130416d1964 |||y0rusy50 ca
101 0 _arus
102 _aRU
105 _ay z |||||
200 1 _aЗащита населения от химического оружия
210 _aМосква
_cИзд-во ДОСААФ
_d1964
215 _a47 с.
_d20
225 1 _aНаселению о гражданской обороне
606 _aПротивохимическая защита
_2psbo
700 1 _aАвербух
_bВ.Л.
_gВладимир Леонидович
701 1 _aПетров
_bС.С.
_gСергей Сергеевич
801 0 _aRU
_bNLR
_gpsbo
801 1 _aRU
_bELAR
_2rusmarc
852 _aNLR
_j64-4/4984
942 _cBOOK
980 _aNB